[Event "2BLN 1819 Hamburger SK II - SK König T"]
[Site "?"]
[Date "2019.02.24"]
[Round "8.4"]
[White "Voigt, Roland"]
[Black "Bruedigam, Martin"]
[Result "1/2-1/2"]
[WhiteElo "2445"]
[BlackElo "2394"]
[PlyCount "83"]
[EventDate "2019.??.??"]

1. Nf3 d5 2. g3 c6 3. Bg2 Bg4 4. O-O e6 5. c4 Bd6 6. b3 Nd7 7. Bb2 Ngf6 8. d3
O-O 9. h3 Bh5 10. Nc3 Qe7 11. Rc1 Bxf3 12. exf3 Ba3 13. Qc2 Rfd8 14. f4 g6 15.
Rcd1 Bxb2 16. Qxb2 a5 17. Rfe1 Qf8 18. Nb1 Ne8 19. h4 Nd6 20. Nd2 Qg7 21. Qxg7+
Kxg7 22. Bf1 d4 23. Nf3 c5 24. Rb1 Nb8 25. Ne5 Na6 26. a3 Rac8 27. Bg2 h5 28.
Kf1 Rc7 29. Ke2 Rb8 30. Kd2 Nf5 31. Rh1 Nh6 32. Bh3 Re8 33. Rbe1 Rce7 34. Re2
Rb8 35. Kc2 Rd8 36. Rg1 Rh8 37. Rge1 Rhe8 38. Nf3 Rb8 39. Ng5 Nf5 40. Ne4 Rd7
41. Nd2 Rd6 42. Re5 1/2-1/2

[Event "2BLN 1819 Hamburger SK II - SK König T"]
[Site "?"]
[Date "2019.02.24"]
[Round "8.5"]
[White "Fruebing, Stefan"]
[Black "Hoolt, Sarah"]
[Result "1/2-1/2"]
[WhiteElo "2409"]
[BlackElo "2350"]
[PlyCount "78"]
[EventDate "2019.??.??"]

1. e4 e6 2. d4 d5 3. Nd2 Be7 4. e5 c5 5. c3 cxd4 6. cxd4 Qb6 7. Ndf3 Bb4+ 8.
Bd2 Nc6 9. Bxb4 Qxb4+ 10. Qd2 Qxd2+ 11. Kxd2 Bd7 12. Rc1 Nh6 13. Bd3 f6 14. Ne2
Ng4 15. exf6 gxf6 16. Rhf1 e5 17. h3 Nh6 18. Bb5 Nf7 19. Nc3 e4 20. Bxc6 Bxc6
21. Nh4 Nd6 22. b3 O-O 23. Ke3 f5 24. Kf4 Rae8 25. Rfe1 Re6 26. Nf3 Nf7 27. Nh4
Rh6 28. g3 Nd8 29. Nxf5 Rh5 30. g4 Rxh3 31. Re3 Rh6 32. Kg3 Rhf6 33. Rh1 Ne6
34. Nxd5 Bxd5 35. Ne7+ Kg7 36. Nxd5 Rxf2 37. Rxe4 R8f3+ 38. Kh4 Kf7 39. Re3
Nxd4 1/2-1/2

[Event "2BLN 1819 Hamburger SK II - SK König T"]
[Site "?"]
[Date "2019.02.24"]
[Round "8.6"]
[White "Meissner, Felix"]
[Black "Berger, Steve"]
[Result "1/2-1/2"]
[WhiteElo "2378"]
[BlackElo "2435"]
[PlyCount "98"]
[EventDate "2019.??.??"]

1. d4 e6 2. c4 b6 3. Nf3 Bb7 4. g3 Bb4+ 5. Bd2 Bxf3 6. exf3 Bxd2+ 7. Qxd2 d5 8.
cxd5 Qxd5 9. Nc3 Qd7 10. d5 Ne7 11. dxe6 Qxe6+ 12. Qe3 O-O 13. Qxe6 fxe6 14. f4
Nbc6 15. Bc4 Nd4 16. O-O-O Rfd8 17. Rhe1 Kf7 18. Re4 c5 19. Rde1 Rd6 20. g4 g6
21. R4e3 h6 22. Rh3 Kg7 23. Rhe3 Rf8 24. Nb5 Nxb5 25. Bxb5 Rxf4 26. Rxe6 Rxe6
27. Rxe6 Kf7 28. Rd6 Rxg4 29. Rd7 Rb4 30. Bd3 a5 31. Bxg6+ Kxg6 32. Rxe7 a4 33.
Re3 Kf5 34. Rh3 Kg5 35. Rg3+ Kh4 36. Kc2 h5 37. Kc3 Rf4 38. f3 Rd4 39. b3 b5
40. Rg6 b4+ 41. Kc2 a3 42. Rg3 Rd5 43. Rg2 Kh3 44. Rf2 Rd6 45. Re2 h4 46. Rf2
Rd5 47. Re2 Rf5 48. Rf2 Rd5 49. Re2 Rf5 1/2-1/2

[Event "2BLN 1819 Hamburger SK II - SK König T"]
[Site "?"]
[Date "2019.02.24"]
[Round "8.7"]
[White "Muse, Drazen"]
[Black "Sievers, Stefan"]
[Result "1/2-1/2"]
[WhiteElo "2374"]
[BlackElo "2359"]
[PlyCount "112"]
[EventDate "2019.??.??"]

1. d4 Nf6 2. Nf3 c5 3. e3 d5 4. Nbd2 Qc7 5. dxc5 Qxc5 6. c4 e6 7. Be2 Be7 8.
O-O O-O 9. a3 dxc4 10. Nxc4 Rd8 11. Qe1 Nc6 12. b4 Qf5 13. Bb2 Bd7 14. Qb1 Qxb1
15. Raxb1 Rac8 16. b5 Nb8 17. b6 axb6 18. Nxb6 Rc2 19. Bd3 Rc6 20. Nxd7 Nbxd7
21. Bb5 Rcc8 22. a4 Nb6 23. Rfc1 Rxc1+ 24. Rxc1 Rc8 25. Rxc8+ Nxc8 26. Nd2 Bb4
27. Nb3 Ne4 28. Bd3 Nc3 29. a5 Ne7 30. Bxc3 Bxc3 31. Be4 Nd5 32. Bxd5 exd5 33.
Nc5 Bxa5 34. Nxb7 Bb6 35. Kf1 Kf8 36. Nd6 Bc5 37. Nb5 Ke7 38. Ke2 g6 39. Kd3 f5
40. h3 Ke6 41. g3 Ke5 42. Nc3 Bb4 43. Nd1 Bc5 44. f4+ Ke6 45. Nc3 Bd6 46. Ne2
Bc5 47. Nd4+ Kf6 48. Ke2 Bb6 49. Nf3 Bc7 50. Kd3 h5 51. h4 Ba5 52. Ke2 Bc3 53.
Kd1 Bb4 54. Ne5 Ba5 55. Nd7+ Ke7 56. Ne5 Kf6 1/2-1/2

[Event "2BLN 1819 Hamburger SK II - SK König T"]
[Site "?"]
[Date "2019.02.24"]
[Round "8.8"]
[White "Groetzbach, Julian"]
[Black "Sarbok, Torsten"]
[Result "0-1"]
[WhiteElo "2254"]
[BlackElo "2317"]
[PlyCount "88"]
[EventDate "2019.??.??"]

1. e4 c6 2. d4 d5 3. exd5 cxd5 4. Bf4 e6 5. c3 Bd6 6. Bxd6 Qxd6 7. Bd3 Nc6 8.
Nf3 Nf6 9. Nbd2 Bd7 10. O-O O-O 11. Qe2 Rfb8 12. a4 Be8 13. Ne5 Nd7 14. Nxd7
Bxd7 15. f4 Ne7 16. Nf3 Be8 17. Qc2 g6 18. Qe2 a6 19. Ne5 Kg7 20. Rf3 f6 21.
Ng4 Bf7 22. Raf1 Rf8 23. Re3 Nf5 24. Rh3 h5 25. Ne3 Qd7 26. g4 hxg4 27. Qxg4
Rh8 28. Rff3 Rag8 29. Bc2 Kf8 30. Kf2 b5 31. Rxh8 Rxh8 32. Rh3 Rxh3 33. Qxh3
Nxe3 34. Qh8+ Ke7 35. Kxe3 bxa4 36. Qa8 Qb5 37. Qa7+ Kf8 38. Qc5+ Kg7 39. Qa3
Qf1 40. Bxa4 g5 41. fxg5 Qe1+ 42. Kf3 Bh5+ 43. Kg2 Qe2+ 44. Kg1 Qe3+ 0-1

[Event "2BLN 1819 FC St. Pauli - SV Lingen"]
[Site "?"]
[Date "2019.02.24"]
[Round "8.1"]
[White "Perunovic, Milos"]
[Black "Socko, Bartosz"]
[Result "1/2-1/2"]
[WhiteElo "2601"]
[BlackElo "2615"]
[PlyCount "65"]
[EventDate "2019.??.??"]

1. e4 c6 2. d4 d5 3. e5 c5 4. dxc5 e6 5. a3 Bxc5 6. Nf3 Ne7 7. Bd3 Ng6 8. O-O
O-O 9. b4 Bb6 10. Re1 a5 11. b5 Nd7 12. c4 Ndxe5 13. Nxe5 Nxe5 14. Bxh7+ Kxh7
15. Qh5+ Kg8 16. Qxe5 dxc4 17. Bb2 f6 18. Qe2 Bd7 19. Qxc4 Rc8 20. Qe2 Rc5 21.
Nc3 Qc7 22. Rad1 Rc8 23. a4 Rc4 24. Ne4 e5 25. Rd2 Rxa4 26. Qd1 Rxe4 27. Rxe4
Bxb5 28. Rh4 Be8 29. Qb1 Bg6 30. Qa2+ Bf7 31. Qb1 Bg6 32. Qa2+ Bf7 33. Qb1
1/2-1/2

[Event "2BLN 1819 FC St. Pauli - SV Lingen"]
[Site "?"]
[Date "2019.02.24"]
[Round "8.2"]
[White "Feuerstack, Aljoscha"]
[Black "Gajek, Radoslaw"]
[Result "1/2-1/2"]
[WhiteElo "2456"]
[BlackElo "2443"]
[PlyCount "44"]
[EventDate "2019.??.??"]

1. e4 e6 2. d4 d5 3. Nd2 c5 4. Ngf3 Nc6 5. exd5 exd5 6. Bb5 Bd6 7. dxc5 Bxc5 8.
O-O Nge7 9. Nb3 Bd6 10. c3 O-O 11. Bd3 h6 12. h3 Bc7 13. Be3 Bf5 14. Bxf5 Nxf5
15. Bc5 Re8 16. Qd3 Qd7 17. Rad1 Rad8 18. Rfe1 Rxe1+ 19. Rxe1 b6 20. Ba3 Nfe7
21. Bxe7 Nxe7 22. Nbd4 Ng6 1/2-1/2

[Event "2BLN 1819 FC St. Pauli - SV Lingen"]
[Site "?"]
[Date "2019.02.24"]
[Round "8.3"]
[White "Ivanisevic, Ivan"]
[Black "Socko, Monika"]
[Result "1-0"]
[WhiteElo "2606"]
[BlackElo "2452"]
[PlyCount "46"]
[EventDate "2019.??.??"]

1. c4 e6 2. Nc3 Bb4 3. Nf3 d5 4. e3 b6 5. cxd5 exd5 6. Ne5 Bb7 7. Bd3 Nd7 8.
O-O c5 9. Nxd7 Qxd7 10. Nb5 Rc8 11. Nd4 g6 12. f4 Bc3 13. Ba6 b5 14. Nxb5 Qxb5
15. Qg4 f5 16. Qg5 Bd4 17. b4 Kf8 18. a4 Kg7 19. axb5 Rc7 20. h4 Kf7 21. Ra4
Bf6 22. Bxb7 Kf8 23. Ba8 Rg7 1-0

[Event "2BLN 1819 FC St. Pauli - SV Lingen"]
[Site "?"]
[Date "2019.02.24"]
[Round "8.4"]
[White "Jahncke, Giso"]
[Black "Milanovic, Danilo"]
[Result "0-1"]
[WhiteElo "2359"]
[BlackElo "2490"]
[PlyCount "124"]
[EventDate "2019.??.??"]

1. Nf3 Nf6 2. c4 c5 3. d4 cxd4 4. Nxd4 e5 5. Nb5 d5 6. cxd5 Bc5 7. N5c3 O-O 8.
g3 Qb6 9. e3 Bg4 10. Be2 Bxe2 11. Qxe2 e4 12. a3 Re8 13. Nd2 Nbd7 14. b4 Bf8
15. Nc4 Qd8 16. Bb2 a6 17. g4 b5 18. Nd2 Nb6 19. g5 Nfxd5 20. Ncxe4 Nc4 21.
Nxc4 bxc4 22. Qxc4 Rc8 23. Qd4 Rc2 24. Rb1 Qa8 25. f3 Rd8 26. O-O Nc3 27. Bxc3
Rxd4 28. Bxd4 Qd5 29. Rbc1 Qa2 30. Rxc2 Qxc2 31. Nf2 Be7 32. Ne4 h6 33. gxh6
gxh6 34. Kh1 Kf8 35. Nc3 Qb3 36. Rb1 Qxa3 37. b5 axb5 38. Nxb5 Qd3 39. Nc3 Bb4
40. Rd1 Qf5 41. Rc1 Qxf3+ 42. Kg1 h5 43. Rc2 Qc6 44. Rc1 Qg6+ 45. Kf2 Qf5+ 46.
Ke2 Bd6 47. e4 Qg4+ 48. Kd3 Bxh2 49. Ra1 Qh3+ 50. Ke2 Qc8 51. Kd3 h4 52. Nd5
Qc6 53. Ra5 h3 54. Nf6 Bd6 55. Rh5 h2 56. Nd5 f6 57. Bxf6 Qb5+ 58. Ke3 Qf1 59.
Rh8+ Kf7 60. Rh7+ Ke6 61. Bh4 Qc1+ 62. Kd4 h1=Q 0-1

[Event "2BLN 1819 FC St. Pauli - SV Lingen"]
[Site "?"]
[Date "2019.02.24"]
[Round "8.5"]
[White "Levin, Felix"]
[Black "Krause, Jonah"]
[Result "1-0"]
[WhiteElo "2488"]
[BlackElo "2351"]
[PlyCount "65"]
[EventDate "2019.??.??"]

1. d4 Nf6 2. Nf3 g6 3. c4 Bg7 4. g3 O-O 5. Bg2 d6 6. O-O Nc6 7. Nc3 e5 8. dxe5
dxe5 9. Bg5 Be6 10. Qa4 Qc8 11. Bxf6 Bxf6 12. Nd2 Rb8 13. Nde4 Bg7 14. Rfd1 f5
15. Nc5 e4 16. Nd5 Rf7 17. Rd2 Bd4 18. Nxe6 Qxe6 19. Rad1 Be5 20. b4 a6 21. b5
axb5 22. cxb5 Ne7 23. e3 Nxd5 24. Rxd5 Kg7 25. Bf1 Re7 26. Bc4 Qf6 27. Qa7 c6
28. Rd7 cxb5 29. Bxb5 Kh6 30. a4 Qe6 31. a5 Rxd7 32. Rxd7 Rc8 33. Qxb7 1-0

[Event "2BLN 1819 FC St. Pauli - SV Lingen"]
[Site "?"]
[Date "2019.02.24"]
[Round "8.6"]
[White "Voigt, Martin"]
[Black "Kollen, Zyon"]
[Result "1/2-1/2"]
[WhiteElo "2352"]
[BlackElo "2374"]
[PlyCount "100"]
[EventDate "2019.??.??"]

1. e4 e6 2. d4 d5 3. Nc3 Bb4 4. Bd3 c5 5. exd5 exd5 6. dxc5 Nf6 7. Nge2 Nc6 8.
O-O Bxc5 9. Bg5 Be6 10. Nf4 Qd7 11. Bxf6 gxf6 12. Qh5 O-O-O 13. Nfxd5 Bxd5 14.
Bf5 Be6 15. Bxe6 fxe6 16. Qxc5 Qd4 17. Qxd4 Rxd4 18. Rfd1 Rhd8 19. Rxd4 Rxd4
20. Kf1 f5 21. Rc1 Kd7 22. a3 e5 23. g3 Ke6 24. Rd1 Rxd1+ 25. Nxd1 Nd4 26. c3
Nf3 27. h4 f4 28. Kg2 Ne1+ 29. Kh3 Kf5 30. g4+ Ke4 31. g5 Kf5 32. c4 e4 33. c5
a5 34. b4 axb4 35. axb4 Nd3 36. b5 Nxc5 37. Nc3 e3 38. fxe3 fxe3 39. Ne2 Ne6
40. Kg3 Ke4 41. b6 Kd3 42. Kf3 Nd4+ 43. Nxd4 Kxd4 44. Ke2 Ke4 45. h5 Kf5 46. g6
hxg6 47. hxg6 Kxg6 48. Kxe3 Kf5 49. Kd4 Ke6 50. Ke4 Kd6 1/2-1/2

[Event "2BLN 1819 FC St. Pauli - SV Lingen"]
[Site "?"]
[Date "2019.02.24"]
[Round "8.7"]
[White "Gutman, Lev"]
[Black "Mueller, Fabian"]
[Result "1-0"]
[WhiteElo "2406"]
[BlackElo "2343"]
[PlyCount "125"]
[EventDate "2019.??.??"]

1. Nf3 Nf6 2. g3 b6 3. Bg2 Bb7 4. O-O e6 5. c4 Be7 6. d4 O-O 7. Re1 d5 8. cxd5
exd5 9. Nc3 c5 10. dxc5 bxc5 11. Qb3 Qb6 12. Ne5 Rd8 13. Bg5 Qxb3 14. axb3 h6
15. Bxf6 Bxf6 16. Nd3 Na6 17. Nxd5 Bxd5 18. Rxa6 Rab8 19. Bxd5 Rxd5 20. Rxa7
Rxb3 21. Rc7 Bxb2 22. Rb1 c4 23. Rxc4 Rdb5 24. Kg2 Bf6 25. Rbc1 Rb1 26. R1c2
Rb8 27. Nf4 Bg5 28. Nd5 R1b2 29. Rxb2 Rxb2 30. Rc8+ Kh7 31. h4 Bf6 32. Kf3 Rb5
33. Ke4 Rb2 34. Ke3 Rb3+ 35. Kf4 Rb2 36. Kf3 Rb5 37. Nf4 Be5 38. Nd3 Bf6 39. e3
Ra5 40. Rf8 Ra7 41. Nf4 Be5 42. Nd5 Bd6 43. Rd8 Be7 44. Rc8 Bf6 45. Rc6 Ba1 46.
h5 Ra5 47. Rd6 Ra7 48. Ke4 Bb2 49. f4 Ba1 50. g4 Bb2 51. Kf5 Ba3 52. Rc6 Bb2
53. g5 hxg5 54. fxg5 Ra8 55. g6+ Kg8 56. Rc7 fxg6+ 57. hxg6 Kf8 58. e4 Ke8 59.
Rb7 Ra2 60. e5 Ba1 61. Rxg7 Re2 62. Nf6+ Kd8 63. Ne4 1-0

[Event "2BLN 1819 FC St. Pauli - SV Lingen"]
[Site "?"]
[Date "2019.02.24"]
[Round "8.8"]
[White "Stenner, Patrick"]
[Black "Schlierf, Heiko"]
[Result "1-0"]
[WhiteElo "2258"]
[BlackElo "1896"]
[PlyCount "57"]
[EventDate "2019.??.??"]

1. e4 d5 2. exd5 Nf6 3. Nf3 Nxd5 4. d4 g6 5. Be2 Bg7 6. O-O O-O 7. h3 Bf5 8.
Na3 c6 9. c3 a5 10. Nc4 Nd7 11. Re1 N7f6 12. Bf1 h6 13. Nh4 Bc8 14. Bd3 e6 15.
Nf3 Nh5 16. Nce5 Nhf4 17. Bc2 g5 18. a3 Ne7 19. Bxf4 gxf4 20. Qd3 f5 21. Qd2
Rf6 22. Nd3 Qc7 23. Nxf4 Nd5 24. Ne5 Nxf4 25. Qxf4 h5 26. Qg5 Bd7 27. Bb3 Kh7
28. Nxd7 Qxd7 29. Bxe6 1-0

[Event "2BLN 1819 SV Glückauf Rüdersdorf - SF"]
[Site "?"]
[Date "2019.02.24"]
[Round "8.1"]
[White "Lauber, Arnd"]
[Black "Kanarek, Marcel"]
[Result "0-1"]
[WhiteElo "2434"]
[BlackElo "2497"]
[PlyCount "120"]
[EventDate "2019.??.??"]

1. d4 Nf6 2. c4 g6 3. Nc3 Bg7 4. e4 d6 5. Nf3 O-O 6. Be2 e5 7. O-O Nc6 8. d5
Ne7 9. Nd2 Ne8 10. b4 f5 11. a4 Nf6 12. c5 f4 13. Nc4 g5 14. Nb5 Nxe4 15. f3 a6
16. Nxc7 Nc3 17. Qe1 Nxe2+ 18. Qxe2 Rb8 19. cxd6 Nf5 20. Ne6 Nd4 21. Qe4 Nxe6
22. dxe6 Bxe6 23. Rd1 b5 24. Nxe5 Qb6+ 25. Kh1 Bb3 26. Bb2 Rb7 27. Qd3 bxa4 28.
Rd2 Qb5 29. Qxb5 Rxb5 30. d7 Rd8 31. Rc1 Rxe5 32. g4 Kf7 33. Rc8 Re1+ 34. Kg2
Bxb2 35. Rxd8 Bf6 36. Re8 Re6 37. d8=Q Bxd8 38. Rexd8 a3 39. R2d7+ Kf6 40. Rf8+
Kg6 41. Rg8+ Kf6 42. Rf8+ Kg6 43. Rg8+ Kh6 44. Kf2 Rc6 45. Rgd8 Rc2+ 46. Rd2
Rxd2+ 47. Rxd2 Kg7 48. Rd7+ Kf8 49. Rc7 a2 50. Rc1 Bc2 51. Ra1 Bb1 52. Ke2 Ke7
53. Kd2 Kd6 54. Kc3 Kd5 55. Kb3 Kd4 56. Ka4 Kc4 57. Ka5 Kb3 58. Kxa6 Kb2 59.
Rxa2+ Bxa2 60. Kb5 Bd5 0-1

[Event "2BLN 1819 SV Glückauf Rüdersdorf - SF"]
[Site "?"]
[Date "2019.02.24"]
[Round "8.2"]
[White "Leniart, Arkadiusz"]
[Black "Ahmadinia, Ebrahim"]
[Result "0-1"]
[WhiteElo "2497"]
[BlackElo "2447"]
[PlyCount "88"]
[EventDate "2019.??.??"]

1. e4 e5 2. Nf3 Nc6 3. Bc4 Nf6 4. Ng5 d5 5. exd5 Na5 6. Bb5+ c6 7. dxc6 bxc6 8.
Be2 h6 9. Nh3 Bc5 10. O-O O-O 11. d3 Re8 12. c3 Nb7 13. Kh1 Bb6 14. Nd2 Nd6 15.
Nc4 Nxc4 16. dxc4 Qe7 17. Qd3 Be6 18. Qg3 Ne4 19. Qf3 f5 20. Be3 Qb7 21. b3 Nf6
22. g3 f4 23. Nxf4 exf4 24. Qxf4 Bh3 25. c5 Bxf1 26. Bxf1 Bc7 27. Qf5 Qc8 28.
Qf3 Be5 29. Rc1 Kh8 30. Bg2 Nd5 31. Bd2 Rf8 32. Qe2 Bf6 33. c4 Ne7 34. Bf4 Nf5
35. Qh5 Bd4 36. b4 Qe8 37. Qxe8 Raxe8 38. Bxc6 Re2 39. Bd7 g5 40. Bc7 Rxf2 41.
c6 Ne3 42. h4 g4 43. Bd6 Nf1 44. Bxf8 Rh2# 0-1

[Event "2BLN 1819 SV Glückauf Rüdersdorf - SF"]
[Site "?"]
[Date "2019.02.24"]
[Round "8.3"]
[White "Seyb, Alexander"]
[Black "Steczek, Marcin"]
[Result "1-0"]
[WhiteElo "2417"]
[BlackElo "2379"]
[PlyCount "123"]
[EventDate "2019.??.??"]

1. e4 e6 2. d4 d5 3. exd5 exd5 4. Nf3 Nf6 5. Bd3 Bd6 6. Qe2+ Qe7 7. Qxe7+ Bxe7
8. O-O O-O 9. Bf4 c6 10. Re1 Re8 11. h3 Nbd7 12. Nbd2 Nf8 13. Bh2 Ng6 14. Ne5
Nxe5 15. Bxe5 Be6 16. a4 a6 17. c3 Nd7 18. Bf4 Bf8 19. a5 c5 20. dxc5 Bxc5 21.
Nb3 Ba7 22. Bc2 Nc5 23. Nd4 Bd7 24. Be3 Ne4 25. Bb3 Bxd4 26. Bxd4 Bc6 27. f3
Nd6 28. Kf2 Nc4 29. Rxe8+ Rxe8 30. Ra2 Bb5 31. Bd1 Ne5 32. Bxe5 Rxe5 33. b3 Kf8
34. Rd2 Bc6 35. b4 Ke7 36. Re2 f6 37. g3 Rxe2+ 38. Bxe2 Kd6 39. Ke3 g5 40. Bd1
Bd7 41. h4 gxh4 42. gxh4 Bh3 43. Be2 h6 44. Bd3 Ke5 45. Bc2 Bf1 46. Bg6 Bb5 47.
Bh5 Bc4 48. Be8 Bb5 49. Bh5 Bc4 50. Bg4 Bb5 51. Bc8 Bc6 52. f4+ Kd6 53. Kd4 Kc7
54. Be6 Kd6 55. Bg8 Bd7 56. Bxd5 Kc7 57. Kc5 Bg4 58. c4 f5 59. b5 axb5 60. cxb5
b6+ 61. axb6+ Kd7 62. Bc6+ 1-0

[Event "2BLN 1819 SV Glückauf Rüdersdorf - SF"]
[Site "?"]
[Date "2019.02.24"]
[Round "8.4"]
[White "Janaszak, Dawid"]
[Black "Agopov, Mikael"]
[Result "1/2-1/2"]
[WhiteElo "2350"]
[BlackElo "2449"]
[PlyCount "46"]
[EventDate "2019.??.??"]

1. Nf3 Nf6 2. c4 e6 3. e3 b6 4. b3 Bb7 5. Bb2 Be7 6. Nc3 O-O 7. Qc2 d5 8. Be2
c5 9. cxd5 exd5 10. d4 Nbd7 11. O-O Rc8 12. dxc5 bxc5 13. Rfd1 Qb6 14. Rac1
Rfd8 15. Qb1 Ba8 16. Rd2 Qb7 17. Rcd1 Nf8 18. Bf1 Ne6 19. h3 Qb8 20. Be2 Qb7
21. Bf1 Qb8 22. Be2 Qb7 23. Bf1 Qb8 1/2-1/2

[Event "2BLN 1819 SV Glückauf Rüdersdorf - SF"]
[Site "?"]
[Date "2019.02.24"]
[Round "8.5"]
[White "Polzin, Rainer"]
[Black "Sroczynski, Maciej"]
[Result "1/2-1/2"]
[WhiteElo "2410"]
[BlackElo "2300"]
[PlyCount "108"]
[EventDate "2019.??.??"]

1. e4 c5 2. Nc3 d6 3. f4 e6 4. Nf3 Nf6 5. Be2 Be7 6. O-O O-O 7. d3 Nc6 8. Qe1
Rb8 9. Kh1 b5 10. a3 d5 11. Ne5 Nd4 12. Bd1 Bb7 13. exd5 Nxd5 14. Ne4 Rc8 15.
c3 Nf5 16. Bc2 Nh4 17. Rg1 Nf5 18. Bd2 Nb6 19. Qe2 Nd7 20. Nf3 Qc7 21. Rgf1
Rfe8 22. Qf2 a6 23. Rae1 Nf8 24. Kg1 Ng6 25. g3 a5 26. Bc1 Red8 27. Qe2 b4 28.
Nfg5 Nf8 29. Qh5 g6 30. Qe2 bxa3 31. bxa3 c4 32. d4 Qc6 33. Nf3 Qd5 34. Qf2 f6
35. Ned2 Qd7 36. g4 Ng7 37. h3 Bd5 38. Ne4 Qc6 39. Qg3 Nd7 40. Ned2 Bd6 41. Ne4
Be7 42. Nfd2 f5 43. Ng5 Bd6 44. Qh4 Nf8 45. Ndf3 Bxf3 46. Nxf3 Qc7 47. Qh6 Qb7
48. Re2 Rb8 49. Ng5 Qd5 50. Rg2 Rd7 51. a4 Rc7 52. Re1 Re7 53. Bd1 Qc6 54. Bc2
Qd5 1/2-1/2

[Event "2BLN 1819 SV Glückauf Rüdersdorf - SF"]
[Site "?"]
[Date "2019.02.24"]
[Round "8.6"]
[White "Dudzinski, Piotr"]
[Black "Florstedt, Johannes"]
[Result "1/2-1/2"]
[WhiteElo "2326"]
[BlackElo "2347"]
[PlyCount "102"]
[EventDate "2019.??.??"]

1. e4 c5 2. c3 Nf6 3. e5 Nd5 4. d4 cxd4 5. cxd4 d6 6. exd6 Qxd6 7. Nf3 Nc6 8.
Nc3 g6 9. Bc4 Be6 10. Bb3 Bg7 11. O-O Rd8 12. Be3 O-O 13. Rc1 Rfe8 14. Re1 Nxe3
15. fxe3 Bxb3 16. Qxb3 Qb4 17. Qxb4 Nxb4 18. Red1 e5 19. Nxe5 Bxe5 20. dxe5 Nd3
21. Rc2 Nxe5 22. Nd5 Kg7 23. Rc7 Rd7 24. Rxd7 Nxd7 25. Nc7 Re7 26. Nd5 Re5 27.
Kf2 Nc5 28. Nc3 Kf6 29. Rd8 Ke7 30. Rb8 Kd7 31. b4 Kc7 32. Rh8 Nd3+ 33. Ke2
Nf4+ 34. Kd2 Nxg2 35. Rxh7 Nxe3 36. Rxf7+ Kc8 37. Kd3 Ng4 38. Rg7 Rh5 39. Kd4
Nxh2 40. Ne4 Nf3+ 41. Ke3 Nh4 42. Nd6+ Kb8 43. Rxb7+ Ka8 44. Rb5 Nf5+ 45. Nxf5
Rxf5 46. Rxf5 gxf5 47. Kf4 a5 48. b5 a4 49. Kxf5 Kb7 50. Ke5 Kb6 51. Kd5 Kxb5
1/2-1/2

[Event "2BLN 1819 SV Glückauf Rüdersdorf - SF"]
[Site "?"]
[Date "2019.02.24"]
[Round "8.7"]
[White "Chatzidakis, Mihail"]
[Black "Szadkowski, Kamil"]
[Result "1/2-1/2"]
[WhiteElo "2351"]
[BlackElo "2221"]
[PlyCount "56"]
[EventDate "2019.??.??"]

1. e4 c5 2. Nf3 Nc6 3. Bb5 g6 4. O-O Bg7 5. c3 Nf6 6. d4 cxd4 7. cxd4 Nxe4 8.
d5 Nd6 9. Na3 a6 10. Bd3 Ne5 11. Nxe5 Bxe5 12. Re1 Bf6 13. Bh6 Bxb2 14. Rb1
Bxa3 15. Bg7 f6 16. Bxf6 O-O 17. Bxe7 Qa5 18. Bxf8 Kxf8 19. Qf3+ Nf7 20. h4 Qc3
21. h5 Kg7 22. hxg6 hxg6 23. Re8 Bd6 24. Rbe1 b5 25. R1e3 Qa1+ 26. Re1 Qc3 27.
R1e3 Qa1+ 28. Re1 Qc3 1/2-1/2

[Event "2BLN 1819 SV Glückauf Rüdersdorf - SF"]
[Site "?"]
[Date "2019.02.24"]
[Round "8.8"]
[White "Wlodarczyk, Oskar"]
[Black "Rudolf, Henrik"]
[Result "1/2-1/2"]
[WhiteElo "2246"]
[BlackElo "2302"]
[PlyCount "42"]
[EventDate "2019.??.??"]

1. c4 Nf6 2. Nc3 g6 3. g3 Bg7 4. Bg2 O-O 5. Nf3 d6 6. d4 Nbd7 7. O-O e5 8. dxe5
dxe5 9. Qc2 c6 10. e4 Qe7 11. b3 Rd8 12. Bb2 Nf8 13. Ne2 Ne8 14. h3 h5 15. Rad1
Rxd1 16. Rxd1 g5 17. Qd2 Bf6 18. Ne1 Ng6 19. Nc2 Be6 20. Ne3 Qc7 21. Nc1 Rd8
1/2-1/2

[Event "2BLN 1819 Lübecker SV - SK Zehlendorf"]
[Site "?"]
[Date "2019.02.24"]
[Round "8.1"]
[White "Lagunow, Raphael"]
[Black "Kalinitschew, Sergey"]
[Result "1-0"]
[WhiteElo "2430"]
[BlackElo "2440"]
[PlyCount "109"]
[EventDate "2019.??.??"]

1. e4 c5 2. Nf3 Nc6 3. d4 cxd4 4. Nxd4 e5 5. Nb5 d6 6. N1c3 a6 7. Na3 Be6 8.
Nc4 b5 9. Ne3 Nf6 10. g3 h5 11. h4 g6 12. Bg2 Bh6 13. O-O O-O 14. Ncd5 Bxd5 15.
exd5 Ne7 16. c3 Rb8 17. Bd2 Nd7 18. a4 f5 19. axb5 axb5 20. Nc2 Bxd2 21. Qxd2
f4 22. Nb4 Nf6 23. Qd3 Kg7 24. Ra7 Rf7 25. Rfa1 e4 26. Bxe4 fxg3 27. Bxg6 Qb6
28. Qxg3 Nxg6 29. Rxf7+ Kxf7 30. Ra6 Qc7 31. Rxd6 Rc8 32. Nc6 Ng4 33. Nd4 Qe7
34. Qf3+ Nf6 35. Re6 Qd8 36. Nxb5 Ra8 37. Nd6+ Kg7 38. Nf5+ Kh7 39. d6 Ra1+ 40.
Kg2 Qg8 41. Rxf6 Nxh4+ 42. Kh3 Rh1+ 43. Qxh1 Qg4+ 44. Kh2 Nf3+ 45. Qxf3 Qxf3
46. Rf7+ Kh8 47. d7 Qxf2+ 48. Kh3 Qf1+ 49. Kg3 Qe1+ 50. Kf4 Qd2+ 51. Ke5 Qe2+
52. Kf6 Qa6+ 53. Ke7 Qb7 54. Ke8 Qb5 55. c4 1-0

[Event "2BLN 1819 Lübecker SV - SK Zehlendorf"]
[Site "?"]
[Date "2019.02.24"]
[Round "8.2"]
[White "Kololli, Martin"]
[Black "Sawlin, Leonid"]
[Result "0-1"]
[WhiteElo "2330"]
[BlackElo "2370"]
[PlyCount "92"]
[EventDate "2019.??.??"]

1. e4 e6 2. d4 d5 3. Nd2 c5 4. c3 Nc6 5. Ngf3 Nf6 6. Bd3 cxd4 7. cxd4 dxe4 8.
Nxe4 Be7 9. O-O O-O 10. Nc3 b6 11. a3 Bb7 12. Re1 Rc8 13. Be3 Nd5 14. Bc2 Re8
15. Qd3 g6 16. Bd2 Ncb4 17. Qe4 Nxc3 18. Qxb7 Rc7 19. Qxc7 Qxc7 20. axb4 Ne2+
21. Rxe2 Qxc2 22. Ree1 Qxb2 23. Reb1 Qc2 24. Rc1 Qb3 25. Rcb1 Qd3 26. Rc1 a6
27. Rc7 Qb5 28. Ne5 Bd6 29. Ra7 Bxe5 30. dxe5 Qxe5 31. R7xa6 Qe2 32. Bc3 e5 33.
h3 Rc8 34. Ra8 Rxa8 35. Rxa8+ Kg7 36. Rc8 Kh6 37. Rd8 f5 38. Rd5 e4 39. Bd2+ g5
40. h4 Kh5 41. Be3 Kg4 42. Bxb6 Kxh4 43. Rd7 Kg4 44. Bc5 f4 45. Re7 e3 46. fxe3
Kg3 0-1

[Event "2BLN 1819 Lübecker SV - SK Zehlendorf"]
[Site "?"]
[Date "2019.02.24"]
[Round "8.3"]
[White "Malek, Daniel"]
[Black "Poghosyan, Tigran"]
[Result "1-0"]
[WhiteElo "2372"]
[BlackElo "2213"]
[PlyCount "73"]
[EventDate "2019.??.??"]

1. Nf3 Nf6 2. c4 g6 3. Nc3 d5 4. cxd5 Nxd5 5. Qc2 Nc6 6. d4 Bg7 7. e4 Nxc3 8.
bxc3 Bg4 9. Be2 O-O 10. O-O e5 11. d5 Ne7 12. c4 c5 13. Bb2 Bxf3 14. Bxf3 Nc8
15. Bg4 Nd6 16. f4 Qe7 17. Rae1 Rae8 18. f5 Qh4 19. Bh3 Bh6 20. Qe2 Bf4 21. Rf3
Nxc4 22. g3 Qxh3 23. Qxc4 Qg4 24. Kg2 b6 25. Ref1 Bg5 26. h3 Qh5 27. d6 Bd8 28.
Qd5 gxf5 29. Rxf5 Qg6 30. Bxe5 Re6 31. R1f4 h5 32. d7 Bg5 33. Rf3 Kh7 34. Bc7
Bd8 35. Bxd8 Rxd8 36. Rxh5+ Kg8 37. Rg5 1-0

[Event "2BLN 1819 Lübecker SV - SK Zehlendorf"]
[Site "?"]
[Date "2019.02.24"]
[Round "8.4"]
[White "Christ, Ralf"]
[Black "Meister, Jakob"]
[Result "0-1"]
[WhiteElo "2271"]
[BlackElo "2413"]
[PlyCount "110"]
[EventDate "2019.??.??"]

1. Nf3 d5 2. d4 Bf5 3. c4 e6 4. Nc3 c6 5. Qb3 Qb6 6. c5 Qc7 7. Bf4 Qc8 8. e3
Nd7 9. Qd1 Be7 10. Be2 h6 11. O-O Ngf6 12. h3 Ne4 13. Nxe4 Bxe4 14. b4 O-O 15.
Nd2 Bh7 16. b5 e5 17. Bh2 Re8 18. Re1 Bf6 19. Nb3 exd4 20. exd4 Nf8 21. Bf4 Bf5
22. Qd2 Ng6 23. Bg3 Bg5 24. Qa5 Bf4 25. Bxf4 Nxf4 26. Bf1 Ne6 27. Rac1 Qd7 28.
Qa4 Qc7 29. Re3 Be4 30. Qb4 cxb5 31. Bxb5 Red8 32. a4 Rab8 33. Qd2 Qf4 34. Qa5
Qg5 35. Rg3 Qf6 36. Qd2 Rbc8 37. Rgc3 Rc7 38. Be2 Re8 39. Bb5 Ree7 40. Bf1 h5
41. a5 h4 42. f3 Bg6 43. Re1 a6 44. c6 bxc6 45. Bxa6 c5 46. dxc5 d4 47. Rcc1 d3
48. Rc4 Ra7 49. Bb5 Nc7 50. Rxe7 Qxe7 51. Ba4 Nd5 52. c6 Qd6 53. Rd4 Re7 54. f4
Re2 55. Qd1 Qe6 0-1

[Event "2BLN 1819 Lübecker SV - SK Zehlendorf"]
[Site "?"]
[Date "2019.02.24"]
[Round "8.5"]
[White "Stachowiak, Kamil"]
[Black "Ehrke, Michael"]
[Result "1-0"]
[WhiteElo "2426"]
[BlackElo "2226"]
[PlyCount "53"]
[EventDate "2019.??.??"]

1. c4 e6 2. g3 d5 3. Bg2 Nf6 4. Nf3 Be7 5. O-O O-O 6. d4 c5 7. cxd5 exd5 8.
dxc5 Bxc5 9. Bg5 Nc6 10. a3 h6 11. Bf4 a6 12. Nbd2 Be6 13. Nb3 Ba7 14. Rc1 Ne4
15. Ne5 Qf6 16. Nd3 Rfd8 17. Nd2 Nxf2 18. Nxf2 g5 19. Kh1 gxf4 20. Nd3 Be3 21.
b4 Ne5 22. Nxf4 Qg5 23. Rc7 b5 24. Nf3 Nxf3 25. Rxf3 Qe5 26. Nxe6 fxe6 27. Qc2
1-0